King George V Relatives - Statistics

General Stats
  • This quiz has been taken 28 times
  • The average score is 46 of 102
Answer Stats
Children Answer % Correct
Born 1895 King George VI
100%
Born 1926 Queen Elizabeth II
100%
Born 1999 Charles Armstrong-Jones, Viscount Linley
95%
Born 1923 George Lascelles, 7th Earl of Harewood
95%
Born 1962 George Windsor, Earl of St Andrews
95%
Born 1948 King Charles III
95%
Born 1902 Prince George, Duke of Kent
95%
Born 2013 Prince George of Wales
95%
Born 1984 Prince Harry, Duke of Sussex
95%
Born 1950 Anne, Princess Royal
90%
Born 1982 Edward Lascelles
90%
Born 1988 Edward Windsor, Lord Downpatrick
90%
Born 1894 King Edward VII
90%
Born 1964 Prince Edward, Duke of Edinburgh
90%
Born 1935 Prince Edward, Duke of Kent
90%
Born 1941 Prince William of Gloucester
90%
Born 1982 William, Prince of Wales
90%
Born 2018 Prince Louis of Wales
86%
Born 2007 James, Earl of Wessex
81%
Born 1953 James Lascelles
81%
Born 1964 James Ogilvy
81%
Born 1897 Mary, Princess Royal and Countess of Harewood
81%
Born 1930 Princess Margaret, Countess of Snowdon
81%
Born 1960 Prince Andrew, Duke of York
76%
Born 2019 Prince Archie of Sussex
76%
Born 1905 Prince John of the United Kingdom
76%
Born 1996 Charlotte Lascelles
71%
Born 2015 Princess Charlotte of Wales
71%
Born 2021 Princess Lilibet of Sussex
67%
Born 2021 August Brooksbank
62%
Born 1953 Henry Lascelles
62%
Born 1900 Prince Henry, Duke of Gloucester
62%
Born 1977 Peter Phillips
57%
Born 1988 Princess Beatrice of York
57%
Born 1981 Zara Tindall
57%
Born 2007 Albert Windsor
52%
Born 1961 David Armstrong-Jones, 2nd Earl of Snowdon
52%
Born 1950 David Lascelles, 8th Earl of Harewood
52%
Born 2003 Lady Louise Windsor
52%
Born 1990 Princess Eugenie of York
52%
Born 2021 Sienna Mapelli Mozzi
52%
Born 1964 Lady Sarah Chatto
48%
Born 2014 Mia Tindall
48%
Born 1942 Prince Michael of Kent
48%
Born 1944 Prince Richard, Duke of Gloucester
48%
Born 2010 Savannah Phillips
48%
Born 1999 Arthur Chatto
43%
Born 2021 Lucas Tindall
43%
Born 1936 Princess Alexandra, the Honourable Lady Ogilvy
43%
Born 2007 Xan Windsor, Lord Culloden
43%
Born 2023 Ernest Brooksbank
38%
Born 2012 Isla Phillips
38%
Born 2018 Lena Tindall
38%
Born 1964 Lady Helen Taylor
33%
Born 2002 Lady Margarita Armstrong-Jones
33%
Born 1979 Lord Frederick Windsor
33%
Born 1966 | Born 1992 Marina Ogilvy
33%
Born 1964 Mark Lascelles
33%
Born 1973 Sophie Lascelles
33%
Born 1980 Alexander Lascelles, Viscount Lascelles
29%
Born 1996 Alexander Ogilvy
29%
Born 1974 Alexander Windsor, Earl of Ulster
29%
Born 1977 Lady Davina Windsor
29%
Born 1995 Lady Amelia Windsor
24%
Born 1980 Lady Rose Gilman
24%
Born 1970 Lord Nicholas Windsor
24%
Born 1996 Samuel Chatto
24%
Born 1993 Christian Mowatt
19%
Born 1994 Flora Vesterberg
19%
Born 1924 Gerald Lascelles
19%
Born 2016 Isabella Windsor
19%
Born 1981 Lady Gabriella Windsor
19%
Born 2008 Leo Lascelles
19%
Born 2009 Leopold Windsor
19%
Born 2013 Maud Windsor
19%
Born 2012 Tane Lewis
19%
Born 1982 Thomas Lascelles
19%
Born 1986 Amy Lascelles
14%
Born 1996 Cassius Taylor
14%
Born 1994 Columbus Taylor
14%
Born 2010 Cosima Windsor
14%
Born 2003 Eloise Taylor
14%
Born 2004 Estella Taylor
14%
Born 1955 Jeremy Lascelles
14%
Born 1975 Lady Emily Shard
14%
Born 2010 Lyla Gilman
14%
Born 1962 Martin Lascelles
14%
Born 2012 Rufus Gilman
14%
Born 2010 Senna Lewis
14%
Born 2005 Tallulah Lascelles
14%
Born 1981 Tanit Lascelles
14%
Born 1985 Tewa Lascelles
14%
Born 1990 Zenouska Mowatt
14%
Born 1978 Benjamin Lascelles
10%
Born 1984 Ellen Lascelles
10%
Born 1988 Imogen Lascelles
10%
Born 2000 Miranda Lascelles
10%
Born 1977 Rowan Lascelles
10%
Born 2002 Alexandre Lascelles
5%
Born 1988 Georgina Douet-Lascelles
5%
Born 1991 Maximilliam Lascelles
5%
No matching quizzes found
Score Distribution
Percent of People with Each Score
Percentile by Number Answered
Your Score History
You have not taken this quiz